书目信息 |
| 题名: |
中外史地知识手册
|
|
| 作者: | 郑云山 , 臧威霆 主编 | |
| 分册: | ||
| 出版信息: | 上海 上海人民出版社 1984 |
|
| 页数: | 740页 | |
| 开本: | 18cm | |
| 丛书名: | ||
| 单 册: | ||
| 中图分类: | K-62 | |
| 科图分类: | ||
| 主题词: | 世界史--知识--手册 , 地理--世界--知识--手册 | |
| 电子资源: | ||
| ISBN: | ||
| 000 | 00666nam0 2200229 450 | |
| 001 | 1560937638 | |
| 005 | 20150122165601.22 | |
| 091 | @a17074.6@d¥2.75,¥3.60(精装) | |
| 100 | @a19960215d1984 em y0chiy0110 ea | |
| 101 | 0 | @achi |
| 102 | @aCN@b310000 | |
| 105 | @ay z 000yy | |
| 200 | 1 | @a中外史地知识手册@9zhong wai shi di zhi shi shou ce@f郑云山,臧威霆主编 |
| 210 | @a上海@c上海人民出版社@d1984 | |
| 215 | @a740页@d18cm | |
| 606 | 0 | @a世界史@x知识@x手册 |
| 606 | 0 | @a地理@y世界@x知识@x手册 |
| 690 | @aK-62@v5 | |
| 701 | 0 | @a郑云山@9zheng yun shan@4主编 |
| 701 | 0 | @a臧威霆@9zang wei ting@4主编 |
| 801 | 0 | @aCN@bTSSF@c20150122 |
| 905 | @aZUCC@dK-62@eJY33 | |
| 中外史地知识手册/郑云山,臧威霆主编.-上海:上海人民出版社,1984 |
| 740页;18cm |
| ISBN : |
| ● |
| 相关链接 |
|
|
|
|
正题名:中外史地知识手册
索取号:K-62/JY33
 
预约/预借
| 序号 | 登录号 | 条形码 | 馆藏地/架位号 | 状态 | 备注 |
| 1 | 7844173 | 278441731 | 学院路分馆/ [索取号:K-62/JY33] | 在馆 |